Statystyki dla Najdroższe transfery Juventusu w historii.

Kliknij tutaj aby rozwiązać quiz!

Ogólne statystyki

  • Ten quiz został rozwiązany 274 razy
  • Średni wynik to 8 z 10

Statystyki odpowiedzi

SezonCenaKrajPoprzedni klubPiłkarz% Poprawnych
18/19117 mlnPortugaliaReal MadrytRonaldo
99%
01/0253 mlnWłochyParmaBuffon
87%
19/2086 mlnHolandiaAjax Amsterdamde Ligt
87%
15/1640 mlnArgentynaPalermoDybala
87%
16/1790 mlnArgentynaNapoliHiguain
84%
20/2172 mlnBrazyliaBarcelonaArthur
80%
01/0245 mlnCzechyLazioNedved
79%
18/1940 mlnBrazyliaBayern MonachiumCosta
70%
18/1940 mlnPortugaliaValenciaCancelo
65%
17/1840 mlnWłochyFiorentinaBernardeschi
38%

Rozkład punktacji

Percentyl według liczby udzielonych odpowiedzi

Procent ludzi z każdym wynikiem

Twoja historia wyników

Nie rozwiązałeś tego quizu